000
00315nam a2200121 4500
999
_c
10931
_d
10931
003
OSt
005
20221031170046.0
008
221031b ||||| |||| 00| 0 eng d
100
_a
Prpfessional practice (Estimating and valuation)
245
_a
Roshan Namavati
260
_a
Bombay
_b
Lakhani book depot.
942
_2
ddc